[Event "Goch op 05th"]
[Site "Goch"]
[Date "1994.??.??"]
[Round "1"]
[White "Kurtz, Murray"]
[Black "Thier, Juergen"]
[Result "1-0"]
[WhiteElo "1630"]
[BlackElo "1940"]
[PlyCount "45"]
[EventDate "1994.10.??"]
[EventType "swiss"]
[EventRounds "7"]
[EventCountry "GER"]
[SourceTitle "EXT 1998"]
[Source "ChessBase"]
[SourceDate "1997.11.17"]
[SourceVersion "1"]
[SourceVersionDate "1997.11.17"]
[SourceQuality "1"]

1. e4 c5 2. Nf3 e6 3. d4 cxd4 4. Nxd4 a6 5. Bd3 Bc5 6. c3 Qb6 7. 0-0 Bxd4 8. cxd4 Qxd4 9. Nc3 Qb6 10. Qg4 Kf8 11. Be3 Qxb2 12. Rfc1 Ne7 13. Na4 Qe5 14. Nb6 Nbc6 15. Nxa8 Nb4 16. Nb6 f5 17. exf5 Nxd3 18. Rxc8+ Kf7 19. fxe6+ dxe6 20. Bd4 Nxf2 21. Qf3+ Qf5 22. Qxf5+ exf5 23. Rxh8 1-0